|
|
|
|
| LEADER |
01451nam a22002417a 4500 |
| 001 |
28654 |
| 003 |
BD-DhAAL |
| 005 |
20141201100010.0 |
| 008 |
141121s1982 bg 001 0 ben d |
| 040 |
|
|
|a BD-DhAAL
|c BD-DhAAL
|d BD-DhAAL
|
| 041 |
|
|
|a BEN
|
| 082 |
|
|
|2 22
|a 954.9/205
|
| 245 |
|
|
|a বাংলাদেশের স্বাধীনতা যুদ্ধ দলিলপত্র :
|b ত্রয়োদশ খণ্ড, বিদেশী প্রতিক্রিয়াঃ জাতিসংঘ ও বিভিন্ন রাষ্ট্র /
|c সম্পাদক হাসান হাফিজুর রহমান
|
| 260 |
|
|
|a ঢাকা :
|b তথ্য মণ্ত্রণালয়, গণপ্রজাতণ্ত্রী বাংলাদেশ সরকার,
|c ১৯৮২
|
| 300 |
|
|
|a ৯৯৮ পৃ. ;
|c ২৪ সে. মি.
|
| 541 |
|
|
|e 28654
|
| 650 |
|
|
|a Bangladesh
|x History
|x Revolution
|y 1971
|9 6077
|
| 700 |
|
|
|a রহমান, হাসান হাফিজুর
|9 6078
|
| 852 |
|
|
|a Ayesha Abed Library
|c General Stacks
|
| 942 |
|
|
|2 ddc
|c BK
|
| 999 |
|
|
|c 33154
|d 33154
|
| 952 |
|
|
|0 0
|1 0
|2 ddc
|4 0
|6 954_900000000000000_205_BAN
|7 0
|9 44256
|a BRACUL
|b BRACUL
|c BNC
|d 2014-12-01
|l 1
|m 9
|o 954.9205 BAN
|p 3010028654
|r 2026-02-01
|s 2025-01-07
|t 1
|w 2014-12-01
|y BK
|
| 952 |
|
|
|0 0
|1 0
|2 ddc
|4 0
|6 954_920500000000000_BAN
|7 0
|9 54773
|a SCL
|b SCL
|c GEN
|d 2015-07-06
|g 1000.00
|l 0
|o 954.9205 BAN
|p 3020008131
|r 2015-07-06
|t 2
|w 2015-07-06
|y BK
|